Normal view
MARC view
- Language teachers--Training of
Entry Topical Term
001 - CONTROL NUMBER
- control field: 11025
003 - CONTROL NUMBER IDENTIFIER
- control field: NUST
005 - DATE AND TIME OF LATEST TRANSACTION
- control field: 20180605080206.0
008 - FIXED-LENGTH DATA ELEMENTS
- fixed length control field: 180605|| aca||aabn | a|a d
040 ## - CATALOGING SOURCE
- Original cataloging agency: NUST
- Transcribing agency: NUST
150 ## - HEADING--TOPICAL TERM
- Topical term or geographic name entry element: Language teachers--Training of
670 ## - SOURCE DATA FOUND
- Source citation: Work cat.: (NUST)0: Richards, Jack C. 11024, Practice teaching:, 2011
